Prinsip dan amalan perakaunan awalan

Bibliographic Details
Main Author: Barjoyai Bardai (Author)
Format: Book
Published: Kuala Lumpur : Pustaka Johami , 1981
Subjects:

MARC

LEADER 00000cam a2200000 7i4500
001 0000005232
005 20060927093000.0
008 021118s1981
090 0 0 |a HF5655.M3   |b B374 
100 0 |a Barjoyai Bardai ,   |e author 
245 0 0 |a Prinsip dan amalan perakaunan awalan   |c Barjoyai Bardai 
260 2 |a Kuala Lumpur :   |b Pustaka Johami ,   |c 1981 
300 |a 402 ms. ;   |c 21 sm. 
650 0 |a Accounting 
999 |a 1000015125   |b Book   |c OPEN SHELF (30 DAYS)   |e Gong Badak Campus